000
00294nam a22001217a 4500
008
150417b xxu||||| |||| 00| 0 eng d
020
_a
9780071794336
020
_a
0071794336
041
0
_a
eng
080
_a
531.61
245
1
0
_a
Alternative energy demystified /
_c
Stan Gibilisco.
942
_2
udc
_c
BK
999
_c
707
_d
707